Value Theory : A Research into Subjectivity /

Αποθηκεύτηκε σε:
Λεπτομέρειες βιβλιογραφικής εγγραφής
Κύριος συγγραφέας: Li, Deshun (autor)
Μορφή: Βιβλίο
Γλώσσα:Αγγλικά
Έκδοση: Berlín, Alemania : Springer, 2014, c2014
Θέματα:
Διαθέσιμο Online:Ver documento en línea
Ετικέτες: Προσθήκη ετικέτας
Δεν υπάρχουν, Καταχωρήστε ετικέτα πρώτοι!

MARC

LEADER 00000nam^a2200000^a^4500
001 000432195
005 20251023000000.0
009 20260310123008.326
020 |a 978-3-642-25617-2 
037 |a Acervo ITESO - Biblioteca 
041 |a ING 
082 |a 171.  |b LI 
100 |a Li, Deshun  |e (autor) 
245 1 0 |a Value Theory :  |b A Research into Subjectivity /  |c D. Li. 
264 4 |a Berlín, Alemania :  |b Springer,  |c 2014, c2014 
264 2 |a Cham, Suiza :  |b Springer Link [distribución],  |c 2014 
300 |a 1 libro electrónico en línea (XVII, 343 p.) 
300 |a 1 recurso en línea 
336 |a datos para computadora  |b cod  |2 rdacontenido 
337 |a computadora  |b c  |2 rdamedio 
338 |a recurso en línea  |b cr  |2 rdasoporte 
506 0 |a Licencias ilimitadas 
649 |a XX 
650 |a Hombre -  |x Filosofía 
650 |a Ser (Filosofía) 
650 |a Realidad 
650 |a Verdad -  |x Filosofía -  |x Tema Principal 
650 |a Valores -  |x Tema Principal 
650 |a Axiología 
650 |a Etica 
650 |a Ontología 
650 |a Oriente y Occidente 
650 |a Cambios Sociales y Culturales -  |z China -  |x Historia 
650 |a Filosofía China -  |x Historia y Crítica -  |x Tema Principal 
650 |a Filosofías Orientales -  |x Historia y Crítica 
650 |a Filosofía Occidental -  |x Historia y Crítica -  |x Tema Principal 
650 |a Filosofía del Siglo XXI -  |x Historia y Crítica 
650 |a Filosofía -  |x Teoría 
856 4 0 |u https://link-springer-com.ezproxy.iteso.mx/10.1007/978-3-642-25617-2  |y Ver documento en línea 
910 |a Fondo General 
920 |a Electrónicos - Libros en Línea 
930 |a Plataforma Digital 
905 |a 205 
901 |a 432195-1  |b IT2  |c EBO  |i C172346  |u 20250521 
902 |a https://opac.biblio.iteso.mx/vufind/Record/000432195